AC Summelformel zu Namen (Anionen) - Statistiken

Allgemein
  • Dieses Quiz wurde 11 mal gespielt
  • Das Durchschnittsergebnis liegt bei 12 aus 14
Antwortstatistiken
Name (x-Anion) Summenformel % Korrekt
Carbonat [CO3]2-
100%
Dihydrogenphosphat [H2PO4]-
100%
Hydrogencarbonat [HCO3]-
100%
Nitrat [NO3]-
100%
Hydroxid [OH]-
100%
Phosphat [PO4]3-
100%
Sulfat [SO4]2-
100%
Cyanid [CN]-
86%
Hydrogenphosphat [HPO4]2-
86%
Hydrogensulfat [HSO4]-
86%
Ammonium [NH4]+
86%
Nitrit [NO2]-
86%
Acetat [CH3COO]-
43%
Formiat [HCOO]-
43%
Keine übereinstimmenden Quizze gefunden
Verteilung der Resultate
Anzahl Personen mit jedem Resultat
Perzentil nach korrekt beantworteten Fragen
Ihre Resultats-Entwicklung
Sie haben dieses Quiz noch nicht gespielt